MARC

LEADER 00000cam a2200000 7i4500
001 0000024663
005 20130828.0
008 130123 my a may
040 |a INS 
090 0 0 |a VO201 
110 1 |a Kursus penilaian harta tanah terbengkalai ,   |d 2012 2 - 4 April   |c INSPEN, Bangi 
245 0 0 |a Kursus penilaian harta tanah terbengkalai :   |b 2 - 4 April 2012   |c Anjuran Pusat Penilaian dan Perkhidmatan Harta, INSPEN 
260 |a Bangi :   |b Institut Penilaian Negara ,   |c 2012 
300 |a 1v. (Various pagings) :   |b map., pic., ill. ;   |c 30 cm. 
650 0 |a Waste llands   |z Malaysia   |x Valuation 
710 1 |a INSPEN ( Institut Penilaian Negara ) 
856 |u http://app.inspen.gov.my:7779/pls/portal/docs/PAGE/CORPORATEPAGES/PORTAL_INSPEN/NOTA_KURSUS/VO/KURSUS%20PENILAIAN%20HARTA%20TANAH%20TERBENGKALAI%200204042012.PDF 
999 |a VO00000472   |b BOOK   |c Course Notes   |e Default branch 
999 |a VO00000473   |b BOOK   |c Course Notes   |e Default branch 
999 |a VO00000474   |b BOOK   |c Course Notes   |e Default branch